The science of getting rich : (Record no. 6227)
[ view plain ]
| 000 -LEADER | |
|---|---|
| fixed length control field | 02459cam a22003257i 4500 |
| 001 - CONTROL NUMBER | |
| control field | 6227 |
| 003 - CONTROL NUMBER IDENTIFIER | |
| control field | FISKH |
| 005 - DATE AND TIME OF LATEST TRANSACTION | |
| control field | 20250402104723.0 |
| 008 - FIXED-LENGTH DATA ELEMENTS--GENERAL INFORMATION | |
| fixed length control field | 131022s2014 nyu 000 0 eng |
| 010 ## - LIBRARY OF CONGRESS CONTROL NUMBER | |
| LC control number | 2013953111 |
| 020 ## - INTERNATIONAL STANDARD BOOK NUMBER | |
| International Standard Book Number | 9781938704017 (alk. paper) |
| 020 ## - INTERNATIONAL STANDARD BOOK NUMBER | |
| International Standard Book Number | 9780975687802 |
| 040 ## - CATALOGING SOURCE | |
| Original cataloging agency | DLC |
| Language of cataloging | eng |
| Description conventions | rda |
| Transcribing agency | DLC |
| 050 ## - LIBRARY OF CONGRESS CALL NUMBER | |
| Classification number | BJ1611 .W37 |
| 082 ## - DEWEY DECIMAL CLASSIFICATION NUMBER | |
| Classification number | 650.1 |
| 100 1# - MAIN ENTRY--PERSONAL NAME | |
| Personal name | Wattles, W. D., |
| Dates associated with a name | 1860-1911, |
| Relator term | author. |
| 245 14 - TITLE STATEMENT | |
| Title | The science of getting rich : |
| Remainder of title | A simple way to create wealth and happiness in your life / |
| Statement of responsibility, etc. | Wallace D. Wattles. |
| 250 ## - EDITION STATEMENT | |
| Edition statement | First edition. |
| 260 ## - PUBLICATION, DISTRIBUTION, ETC. | |
| Place of publication, distribution, etc. | Queensland : |
| Name of publisher, distributor, etc. | Joshua Book, |
| Date of publication, distribution, etc. | 2004. |
| 300 ## - PHYSICAL DESCRIPTION | |
| Extent | 128 pages : |
| Dimensions | 22 cm |
| 336 ## - CONTENT TYPE | |
| Content type term | text |
| Content type code | txt |
| Source | rdacontent |
| 337 ## - MEDIA TYPE | |
| Media type term | unmediated |
| Media type code | n |
| Source | rdamedia |
| 338 ## - CARRIER TYPE | |
| Carrier type term | volume |
| Carrier type code | nc |
| Source | rdacarrier |
| 500 ## - GENERAL NOTE | |
| General note | Minimal Level Cataloging Plus. |
| Institution to which field applies | DLC |
| 520 ## - SUMMARY, ETC. | |
| Summary, etc. | This edition of Wattles' classic faithfully reproduces the author's complete text as originally published in 1910. A new introduction by popular voice of esoteric ideas Mitch Horowitz contextualizes the historical background of the author and his pioneering publisher Elizabeth Towne. Mitch's Afternotes following each chapter amplify Wattles' methods and provide powerful exercises and insights, including how to remove hidden blocks; experiments in "retro causality;" receiving results through "established channels;" getting in touch with your most authentic desires, and ways to maintain a consistent mindset. Wattles' classic text teaches you: - How ideas shape the physical world. - Why creativity matters more than competition. - Why one passionately felt aim is the foundation of all achievement. - How your mental powers and practical abilities work together. - How to think in a "Certain Way" to guarantee success. - How the formless creative matter of life is acted on by your intelligence. "The law of the Increase of Life," Wattles writes, "is as mathematically certain in its operation as the law of gravitation; getting rich is an exact science." In his brief yet seismically powerful volume, Wattles distills his insights-with the added benefits of the historical background and exercises found in this Maple Spring edition. If you are new to The Science of Getting Rich or if you're revisiting it for a refresher, here is the signature volume to experience. |
| 650 #0 - SUBJECT ADDED ENTRY--TOPICAL TERM | |
| Topical term or geographic name entry element | Success in business. |
| 906 ## - LOCAL DATA ELEMENT F, LDF (RLIN) | |
| a | 7 |
| b | cbc |
| c | orignew |
| d | 4 |
| e | epcn |
| f | 20 |
| g | y-gencatlg |
| 942 ## - ADDED ENTRY ELEMENTS (KOHA) | |
| Source of classification or shelving scheme | Dewey Decimal Classification |
| Koha item type | Books |
| Suppress in OPAC | No |
| Withdrawn status | Lost status | Source of classification or shelving scheme | Damaged status | Not for loan | Collection | Home library | Current library | Shelving location | Date acquired | Total Checkouts | Full call number | Barcode | Date last seen | Price effective from | Koha item type |
|---|---|---|---|---|---|---|---|---|---|---|---|---|---|---|---|
| Dewey Decimal Classification | Non-Fiction | Footprints International School Library Network Toul Kork Campus | Footprints International School Library Network Toul Kork Campus | A TK Campus, 4th Floor, Room B401, Non-Fiction Bookcases(7-8) | 04/02/2025 | WAT 650.1 BJ1611 .W37 | 2025-0943 | 04/02/2025 | 04/02/2025 | Books |
